Nuevas excavaciones en Uaxactun I. temporada 2009

Na minha lista:
Detalhes bibliográficos
Outros Autores: Kováč, Milan, Leiva, Ernesto Arredondo, Sánchez Presa, Mónica
Formato: Livro
Idioma:espanhol
Publicado em: Bratislava Instituto Eslovaco de Arqueologia e Historia 2009
Edição:1a ed.
Assuntos:
Tags: Adicionar Tag
Sem tags, seja o primeiro a adicionar uma tag!

MARC

LEADER 00000nam a2200000 4500
001 0212060
005 20240502073533.5
020 |a 978-80-970516-1-7 
041 0 |a spa 
044 |a SK 
245 1 0 |a Nuevas excavaciones en Uaxactun I.  |b temporada 2009  |c editores: Milan Kováč y Ernesto Arredondo Leiva ; traducción: Mónica Sánchez Presa (capítulos ii, v, viii, ix y x) 
250 |a 1a ed. 
264 1 |a Bratislava  |b Instituto Eslovaco de Arqueologia e Historia  |c 2009 
300 |a 454 s. [5,1 AH] 
610 2 0 |a archeológia 
610 2 0 |a Guatemala 
610 2 0 |a civilizácia 
700 1 |a Kováč, Milan 
700 1 |a Leiva, Ernesto Arredondo 
700 1 |a Sánchez Presa, Mónica